| Tag |
First Indicator |
Second Indicator |
Subfields |
| LEADER |
00000cam a2200000 a 4500 |
| 001 |
in00000891723 |
| 005 |
20150923140843.0 |
| 007 |
hd afv---baca |
| 007 |
hd bfv---baaa |
| 008 |
841109s1668 miua a 00010 eng d |
| 035 |
|
|
|a (OCoLC)11368178
|
| 035 |
|
|
|9 AEL4687AM
|
| 037 |
|
|
|a CL0037000052
|b University Microfilms International
|
| 037 |
|
|
|b University Microfilms International, 300 N. Zeeb Rd., Ann Arbor, MI 48106
|
| 040 |
|
|
|a EAJ
|c EAJ
|d UMI
|d UtOrBLW
|
| 043 |
|
|
|a e-uk-en
|
| 045 |
0 |
|
|b d1668
|
| 049 |
|
|
|a TXAI
|
| 090 |
|
|
|a AY751
|b .H66 1668
|
| 099 |
|
|
|a film
|a B
|a 3609
|
| 245 |
0 |
0 |
|a Cœlestis legatus, or, An astrological diarie for the year of our Lord and Saviour Jesus Christ, 1668 :
|b being bissextile or leap-year ... /
|c by Richard Hooker...
|
| 264 |
|
3 |
|a Cambridge :
|b Printed by John Field,
|c 1668.
|
| 300 |
|
|
|a 47 unnumbered pages
|
| 336 |
|
|
|a text
|b txt
|2 rdacontent
|
| 337 |
|
|
|a microform
|b h
|2 rdamedia
|
| 338 |
|
|
|a microfilm reel
|b hd
|2 rdacarrier
|
| 500 |
|
|
|a Imperfect: print show-through.
|
| 500 |
|
|
|a Reproduction of original in the Harvard University Library.
|
| 510 |
4 |
|
|a Wing
|c A1829.
|
| 533 |
|
|
|a Microfilm.
|b Ann Arbor, Mich. :
|c University Microfilms International,
|d 1983.
|e 1 microfilm reel ; 35 mm.
|f (Early English books, 1641-1700 : 1471:18)
|
| 500 |
|
|
|a Microform.
|
| 650 |
|
0 |
|a Almanacs, English.
|
| 650 |
|
0 |
|a Ephemerides.
|
| 650 |
|
0 |
|a Astrology
|v Early works to 1800.
|
| 740 |
0 |
|
|a Cœlestis legatus.
|
| 740 |
3 |
|
|a An astrological diarie for the year of our Lord and Saviour, Jesus Christ, 1668.
|
| 830 |
|
0 |
|a Early English books, 1641-1700 ;
|v 1471:18.
|
| 999 |
|
|
|a MARS
|
| 999 |
f |
f |
|s a80cd76f-9f16-3854-a17c-7f5c08eee9b1
|i 3c0eddb8-a7ed-319a-b194-94fb5161c231
|t 0
|
| 952 |
f |
f |
|p default
|a Texas A&M University
|b College Station
|c Sterling C. Evans Library
|d Evans: Microforms (3rd floor)
|t 0
|e film B 3609 1471:18
|h Other scheme
|i microform -- microfilm reel
|
| 998 |
f |
f |
|a film B 3609 1471:18
|t 0
|l Evans: Microforms (3rd floor)
|